|
|
|
|
| LEADER |
02149pam a22004937a 4500 |
| 001 |
AALProQuestebook00015 |
| 003 |
BD-DhAAL |
| 005 |
20230907110313.0 |
| 006 |
m||||||||d|||||||| |
| 007 |
cr|||||||||||| |
| 008 |
220102t2018 couabd b 000 0 eng |
| 010 |
|
|
|a 2018043059
|
| 020 |
|
|
|a 9780878080854 (pbk.)
|
| 020 |
|
|
|a 9780878080960
|
| 035 |
|
|
|a (MiAaPQ)EBC5632420
|
| 035 |
|
|
|a (Au-PeEL)EBL5632420
|
| 035 |
|
|
|a (CaPaEBR)ebr11645236
|
| 035 |
|
|
|a (OCoLC)1090435691
|
| 040 |
|
|
|a MiAaPQ
|b eng
|e rda$epn
|c MiAaPQ
|d MiAaPQ
|d BD-DhAAL
|
| 042 |
|
|
|a pcc
|
| 050 |
0 |
0 |
|a BV4466
|b .R44 2018
|
| 082 |
0 |
0 |
|a 261.8328
|2 23
|
| 245 |
0 |
0 |
|a Refugee diaspora
|h [electronic resource] :
|b missions amid the greatest humanitarian crisis of our times /
|c edited by Sam George and Miriam Adeney.
|
| 250 |
|
|
|a First edition
|
| 264 |
|
1 |
|a Littleton :
|b William Carey Publishing,
|c 2018.
|
| 300 |
|
|
|a 1 online resource (209 pages).
|
| 500 |
|
|
|a <strong>Off-Campus Access:</strong> Athens ID and Password Required
|
| 500 |
|
|
|a <strong>On-Campus Access:</strong> No User ID or Password Required
|
| 500 |
|
|
|a Access type: Perpetual access for 03 users
|
| 504 |
|
|
|a Includes bibliographical references.
|
| 526 |
|
|
|a Dr. Imon Chowdhooree,
Associate Professor,
ARC, PPDM
|
| 538 |
|
|
|a Mode of access: Internet
|
| 541 |
|
|
|a ProQuest
|h USD 24.36
|
| 650 |
|
0 |
|a Church work with refugees.
|9 43914
|
| 650 |
|
0 |
|a Emigration and immigration
|x Religious aspects
|x Christianity.
|9 43915
|
| 650 |
|
0 |
|a Missions.
|9 43916
|
| 655 |
|
|
|a Electronic books.
|
| 700 |
1 |
|
|a George, Sam
|c (Christian writer),
|e editor.
|9 43917
|
| 700 |
1 |
|
|a Adeney, Miriam,
|d 1945-
|e editor.
|9 43918
|
| 852 |
|
|
|a Ayesha Abed Library
|
| 856 |
|
|
|z Full text available on ProQuest
|u https://ebookcentral.proquest.com/lib/bracu/detail.action?docID=5632420
|
| 942 |
|
|
|2 ddc
|c EBK
|
| 999 |
|
|
|c 43392
|d 43392
|
| 952 |
|
|
|0 0
|1 0
|2 ddc
|4 0
|6 261_832800000000000_REF
|7 0
|9 69649
|a BRACUL
|b BRACUL
|d 2022-01-02
|e ProQuest
|g 2067.51
|l 0
|o 261.8328 REF
|r 2022-01-02
|t 1
|w 2022-01-02
|y EBK
|x As discussed with Acquisition team, according to invoice date (23.12.2021) of the ebook, converted USD 24.36 to BDT 2067.51.
|